The divine comedy (Hell. Purgatory. Paradise)

Na minha lista:
Detalhes bibliográficos
Autor principal: Alighieri, Dante
Formato: Livro
Idioma:Undetermined
Publicado em: New York, Estados Unidos P. F. Collier & Son Corporation 1937
Assuntos:
Tags: Adicionar Tag
Sem tags, seja o primeiro a adicionar uma tag!

MARC

LEADER 00000nam a2200000Ia 4500
008 170316s9999 xx 000 0 und d
040 |a cru BVZT 
090 |a CL 
100 |a Alighieri, Dante 
245 4 |a The divine comedy (Hell. Purgatory. Paradise) 
260 |a New York, Estados Unidos 
260 |b P. F. Collier & Son Corporation 
260 |c 1937 
300 |a 428 páginas Vol. 20 
650 |a LITERATURA CLÁSICA 
999 |c 14916  |d 14916 
942 |c 15 D  |h CL  |2 z